| 000 | 00936cam a22002772 4500 | ||
|---|---|---|---|
| 001 | 22212 | ||
| 003 | BD-RjUL | ||
| 005 | 20211209000759.0 | ||
| 008 | 140306s1958 nyu 000 0 eng | ||
| 035 | _a(BD-RjUL)22277 | ||
| 040 |
_aDLC _cJPL _dOCL _dIXA _dORZ _dBD-RjUL _dBD-RjUL _beng |
||
| 041 | _aeng | ||
| 082 |
_a914.7 _bSOV 1958 |
||
| 245 | 0 | 4 |
_aThe Soviet cultural scene, 1956-1957 / _ceditors: Walter Z. Laqueur . |
| 260 |
_aNew York : _bPraeger, _c1958. |
||
| 300 |
_a300 p. : _c22 cm. |
||
| 500 | _a"The material brought together ... represents a selection from the ... review Soviet survey." | ||
| 651 | 0 |
_aSoviet Union _xCivilization. _912012 |
|
| 651 | 0 |
_aSoviet Union _xHistory _y1953-1985 _968573 |
|
| 700 | 1 |
_aLaqueur, Walter, _d1921- _915384 |
|
| 700 | 1 |
_aLichtheim, George, _d1912-1973. _968574 |
|
| 710 | 2 |
_aSoviet survey (London : 1956) _968575 |
|
| 942 |
_2ddc _cBK |
||
| 999 |
_c22212 _d22212 |
||